| LEADER 00000nam 2200000uu 4500 |
| 001 13399112177 |
| 003 BCNR |
| 008 110519s2549||||th 000 0 tha d |
| 041 0 tha |
| 090 ว.582^bว669ร 2549(สันสีเขียว) |
| 100 0 วิมลมาส ติ่งบุญ |
| 245 00 รายงานการวิจัย ความสามารถในการคิดอย่างมีวิจารณญาณของนักศึกษาหลักสูตรพยาบาลศาสตรบัณฑิต วิทยาลัยพยาบาลบรมราชชนนี ราชบุรี =^bCritical thinking ability of students in the bachelor of nursing science program at Boromarajonani college of nursing, Ratchaburi /^cวิมลมาส ติ่งบุญ,กนิพันธุ์ ปานณรงค์ และ อฤญชยา จูบ้ง |
| 246 31 Critical thinking ability of students in the bachelor of nursing science program at Boromarajonani college of nursing, Ratchaburi |
| 246 30 ความสามารถในการคิดอย่างมีวิจารณญาณของนักศึกษาหลักสูตรพยาบาลศาสตรบัณฑิต วิทยาลัยพยาบาลบรมราชชนนี ราชบุรี |
| 260 ราชบุรี :^bวิทยาลัยพยาบาลบรมราชชนนี ราชบุรี สถาบันพระบรมราชชนก,^c2549 |
| 300 ก-ซ, 67หน้า :^bตาราง ;^c30 ซม. |
| 504 บรรณานุกรม : หน้า 47 - 49 |
| 650 7 การคิดและความคิด |
| 650 7 การเรียนการสอน |
| 700 0 กนิพันธุ์ ปานณรงค์ |
| 700 0 อฤญชยา จูบ้ง |
| 710 2 วิทยาลัยพยาบาลบรมราชชนนี ราชบุรี |
| 710 2 กระทรวงสาธารณสุข. ^bสำนักงานปลัดกระทรวง.^bสถาบันพระบรมราชชนก |
| 999 ^aบรรณารักษ์ |